| LEADER | 01398cam a2200313 i 4500 | ||
|---|---|---|---|
| 001 | u98579 | ||
| 003 | SIRSI | ||
| 005 | 20210114122700.0 | ||
| 008 | 110131 eng | ||
| 020 | |a 9781420069136 | ||
| 050 | |a TC409 |b .J63 2009 | ||
| 100 | 1 | |a Johnson, Lynn E. , |e author |9 213180 | |
| 245 | 1 | 0 | |a Geographic information systems in water resources engineering / |c Lynn E. Johnson. |
| 264 | 1 | |a Boca Raton, FL : |b CRC, |c 2009. | |
| 300 | |a xxiii, 298 pages : |b illustrations ; |c 27 cm. | ||
| 336 | |a text |b txt |2 rdacontent | ||
| 337 | |a unmediated |b n |2 rdamedia | ||
| 338 | |a volume |b nc |2 rdacarrier | ||
| 596 | |a 1 3 | ||
| 650 | 0 | |a Water-supply engineering |x Geographic information systems. |9 3359 | |
| 650 | 0 | |a Water resources development |x Geographic information systems. |9 213181 | |
| 650 | 0 | |a Hydrology |x Geographic information systems. |9 213182 | |
| 650 | 0 | |a Watershed management |x Geographic information systems. |9 213183 | |
| 942 | |c BOOK_OA | ||
| 997 | |a 153589; 153590 | ||
| 998 | |a 1 |b Shafrizan Shafferi | ||
| 999 | |c 159625 |d 159625 | ||
| 952 | |0 0 |1 0 |2 LCC |4 0 |6 TC0409 J63 02009 |7 0 |9 288408 |a UTHM_LIB |b UTHM_LIB |c OPENACCS |d 2009-06-03 |g 444.10 |l 0 |o TC409 .J63 2009 |p 1000234768 |r 2020-12-05 |t 1 |w 2020-12-05 |y BOOK_OA | ||
| 952 | |0 0 |1 0 |2 LCC |4 0 |6 TC0409 J63 02009 |7 0 |9 288409 |a PAGOH_LIB |b PAGOH_LIB |c OPENACCS |d 2009-06-03 |g 444.10 |l 0 |n 2 |o TC409 .J63 2009 |p 1000234769 |r 2020-12-05 |t 1 |w 2020-12-05 |y BOOK_OA | ||